000
00427nam a2200133Ia 4500
008
151001s9999||||xx |||||||||||||| ||und||
100
_a
सुकन पासवान प्रज्ञाचक्षु
245
_a
सामजिक प्राणी नही है आदमी
250
_a
1
260
_b
मित्तल एंड सन्स
260
_c
2007
300
_a
200
365
_b
21
999
_c
992578
_d
992575